00778nam a2200229 a 450000100060000000300080000600500170001400800410003103500190007204000290009104100110012008200270013110000200015824500980017825000200027626000580029630000260035450400200038050501130040061000160051365000190052931189BD-RjUL20211209051654.0140413s1976 ja a b 001 0aeng d a(BD-RjUL)31276 aLCbengcLCdNUdBD-RjUL1 aengjpn04a294.3422bIKD V-1 19761 aIkeda, Daisaku.10aDialogue on life /cDaisaku Ikeda.nVol. I :pbuddhist perspectives on life and the universe. a1st English ed. aTokyo :bNichiren Shoshu International Center,c1976. axxi, 243 p. ;c22 cm. aIncludes index.0 av. 1. Buddhist perspectives on life and the universe -- V. 2. Buddhist perspectives on the eternity of life.20aSoka Gakkai 0aMan (Buddhism)